THE IMPACT OF NEW MILITARY TECHNOLOGY (Record no. 580880)
[ view plain ]
| 000 -LEADER | |
|---|---|
| fixed length control field | 00396nam a22001337a 4500 |
| 020 ## - INTERNATIONAL STANDARD BOOK NUMBER | |
| International Standard Book Number | 0-916672-74-3 |
| 082 ## - DEWEY DECIMAL CLASSIFICATION NUMBER | |
| Classification number | 355.43 IMP'A |
| 100 ## - MAIN ENTRY--PERSONAL NAME | |
| Personal name | ALFERD, JONATHAN |
| 9 (RLIN) | 75473 |
| 245 ## - TITLE STATEMENT | |
| Title | THE IMPACT OF NEW MILITARY TECHNOLOGY |
| 260 ## - PUBLICATION, DISTRIBUTION, ETC. | |
| Place of publication, distribution, etc. | OSMUN |
| Name of publisher, distributor, etc. | GOWER AND ALLANHELD |
| Date of publication, distribution, etc. | 1981 |
| 300 ## - PHYSICAL DESCRIPTION | |
| Extent | 132P |
| 650 ## - SUBJECT ADDED ENTRY--TOPICAL TERM | |
| Topical term or geographic name entry element | ARMS CONTROL ADDRESSES ESSAYS LECTURES STRATEGY ADDRESSES ESSAYS LECTURES |
| 9 (RLIN) | 75474 |
| 942 ## - ADDED ENTRY ELEMENTS (KOHA) | |
| Koha item type | Book |
| Withdrawn status | Lost status | Damaged status | Not for loan | Permanent Location | Current Location | Shelving location | Date acquired | Total Checkouts | Full call number | Barcode | Date last seen | Price effective from | Koha item type |
|---|---|---|---|---|---|---|---|---|---|---|---|---|---|
| College of Electrical & Mechanical Engineering (CEME) | College of Electrical & Mechanical Engineering (CEME) | General Stacks | 05/18/2017 | 355.43 IMP'A | CEME-14134 | 06/28/2021 | 06/28/2021 | Book |
